IFRS fáza II pre poisťovne

Posúdenie viacerých spôsobov oceňovania a metód účtovania v poisťovniach prostredníctvom IASB. Prijímanie IFRS štandardov. Riešenie oblastí II. fázy projektu Poistné zmluvy.

Gespeichert in:
Bibliographische Detailangaben
1. Verfasser: Hupková, Eva
Format: Buchkapitel
Sprache:Slowakisch
Schlagworte:
Tags: Tag hinzufügen
Keine Tags, Fügen Sie das erste Tag hinzu!

MARC

LEADER 00000naa$a2200000$$$4500
001 0064303
005 20231107122353.2
041 0 |a slo 
044 |a SK 
245 1 0 |a IFRS fáza II pre poisťovne  |c Eva Hupková 
520 |a Posúdenie viacerých spôsobov oceňovania a metód účtovania v poisťovniach prostredníctvom IASB. Prijímanie IFRS štandardov. Riešenie oblastí II. fázy projektu Poistné zmluvy. 
610 2 0 |a IFRS 
610 2 0 |a zmluvy poistné 
610 2 0 |a náklady 
610 2 0 |a zisk 
610 2 0 |a strata 
610 2 0 |a oceňovanie 
610 2 0 |a faktor času 
610 2 0 |a sadzby diskontné 
100 1 |a Hupková, Eva